Retail Management (Record no. 3794)

MARC details
000 -LEADER
fixed length control field 00395nam a22001697a 4500
005 - DATE AND TIME OF LATEST TRANSACTION
control field 20160624114130.0
008 - FIXED-LENGTH DATA ELEMENTS--GENERAL INFORMATION
fixed length control field 160624b xxu||||| |||| 00| 0 eng d
020 ## - INTERNATIONAL STANDARD BOOK NUMBER
ISBN 978-81-203-3042-9
041 ## - LANGUAGE CODE
Language code of text/sound track or separate title eng
082 ## - DEWEY DECIMAL CLASSIFICATION NUMBER
Item number 9502
100 ## - MAIN ENTRY--AUTHOR NAME
Personal name Prerman, Barry and Evans Joel R
245 ## - TITLE STATEMENT
Title Retail Management
260 ## - PUBLICATION, DISTRIBUTION, ETC. (IMPRINT)
Name of publisher PHI
Year of publication 2008
300 ## - PHYSICAL DESCRIPTION
Number of Pages 633
650 ## - SUBJECT ADDED ENTRY--TOPICAL TERM
Topical Term Management
942 ## - ADDED ENTRY ELEMENTS (KOHA)
Koha item type Books
Holdings
Lost status Damaged status Home library Current library Shelving location Date acquired Cost, normal purchase price Full call number Accession Number Koha item type
    JRU Library   SHELF- 67 H 24/06/2016 450.00 9502 9502 Books